All 10k+ Cities in Ukraine - Statistics

General Stats
  • This quiz has been taken 121 times
  • The average score is 47 of 359
Answers on the Map
Answers color-coded by a green-red scale on the quiz's map according to % correct below.
 
Answer Stats
Provinces Population Answer % Correct
Donetsk 901,645 Donec'k
84%
Kyiv 2,952,301 Kyïv
77%
Kharkiv 1,421,125 Charkiv
73%
Dnipropetrovsk 968,502 Dnipro
70%
Odessa 1,010,537 Odesa
70%
Luhansk 397,677 Luhans'k
68%
Donetsk 425,681 Mariupol'
67%
Lviv 717,273 L'viv
66%
Sumy 256,474 Sumy
63%
Lviv 14,498 Mykolaïv
62%
Mykolaiv 470,011 Mykolaïv
62%
Kherson 279,131 Cherson
60%
Poltava 279,593 Poltava
60%
Čerkasy 269,836 Čerkasy
59%
Chernihiv 282,747 Černihiv
56%
Donetsk 147,145 Kramators'k
53%
Rivne 243,873 Rivne
53%
Zhytomyr 261,624 Žytomyr
53%
Ivano-Frankivsk 238,196 Ivano-Frankivs'k
52%
Ternopil 225,004 Ternopil'
51%
Zakarpattja 115,449 Užhorod
51%
Chernivtsi 264,298 Černivci
49%
Volhynia 215,986 Luc'k
49%
Vinnytsia 369,739 Vinnycja
49%
Donetsk 338,968 Makiïvka
45%
Dnipropetrovsk 603,904 Kryvyj Rih
44%
Kiev Oblast 37,321 Buča
42%
Zaporizhia 148,851 Melitopol'
42%
Kiev Oblast 207,273 Bila Cerkva
41%
Khmelnytskyi 274,452 Chmel'nyc'kyj
41%
Odessa 69,932 Izmaïl
40%
Donetsk 239,828 Horlivka
38%
Kiev Oblast 65,167 Irpin'
38%
Dnipropetrovsk 37,493 Pokrov
38%
Zaporizhia 106,311 Berdjans'k
37%
Kiev Oblast 109,806 Brovary
37%
Poltava 215,271 Kremenčuk
36%
Donetsk 60,127 Pokrovs'k
36%
Donetsk 31,392 Avdiïvka
34%
Donetsk 105,141 Slov'jans'k
34%
Čerkasy 81,525 Uman'
33%
Luhansk 106,062 Alčevs'k
32%
Volhynia 67,575 Kovel'
32%
Dnipropetrovsk 105,160 Nikopol'
32%
Sumy 71,966 Šostka
30%
Kiev Oblast 64,117 Boryspil'
29%
Zaporizhia 52,237 Enerhodar
29%
Luhansk 93,340 Lysyčans'k
29%
Chernihiv 65,830 Nižyn
27%
Dnipropetrovsk 101,430 Pavlohrad
27%
Lviv 59,425 Stryj
27%
Kharkiv 53,126 Lozova
26%
Lviv 73,682 Drohobyč
25%
Ivano-Frankivsk 65,088 Kaluš
25%
Lviv 64,297 Červonohrad
23%
Zhytomyr 61,496 Korosten'
23%
Kharkiv 26,627 Kup'jans'k
23%
Donetsk 20,066 Lyman
23%
Zakarpattja 85,569 Mukačeve
23%
Kherson 44,427 Nova Kachovka
23%
Donetsk 10,490 Soledar
23%
Donetsk 14,144 Vuhledar
23%
Zakarpattja 28,039 Chust
22%
Kherson 34,749 Kachovka
22%
Sumy 83,543 Konotop
22%
Donetsk 46,098 Myrnohrad
22%
Donetsk 11,051 Novoazovs'k
22%
Zaporizhia 29,573 Tokmak
22%
Donetsk 12,250 Časiv Jar
21%
Donetsk 53,977 Družkivka
21%
Kiev Oblast 18,466 Hostomel'
21%
Ivano-Frankivsk 60,821 Kolomyja
21%
Kharkiv 17,459 Vovčans'k
21%
Kharkiv 44,979 Izjum
19%
Khmelnytskyi 96,896 Kam'janec'-Podil's'kyj
19%
Dnipropetrovsk 69,855 Novomoskovs'k
19%
Volhynia 49,772 Novovolyns'k
19%
Sumy 46,660 Ochtyrka
19%
Luhansk 36,091 Pervomajs'k
19%
Mykolaiv 62,426 Pervomajs'k
19%
Luhansk 55,247 Rubižne
19%
Kherson 16,969 Skadovs'k
19%
Zhytomyr 73,046 Berdyčiv
18%
Rivne 36,901 Dubno
18%
Luhansk 73,248 Kadiïvka
18%
Poltava 37,886 Myrhorod
18%
Kirovohrad 76,097 Oleksandrija
18%
Donetsk 21,521 Selydove
18%
Odessa 47,727 Bilhorod-Dnistrovs'kyj
16%
Donetsk 24,209 Debal'ceve
16%
Kiev Oblast 44,014 Fastiv
16%
Donetsk 67,350 Kostjantynivka
16%
Poltava 44,089 Lubny
16%
Zhytomyr 55,086 Novohrad-Volyns'kyj
16%
Kiev Oblast 33,287 Obuchiv
16%
Čerkasy 65,675 Smila
16%
Donetsk 10,655 Ukraïns'k
16%
Donetsk 21,166 Volnovacha
16%
Volhynia 37,910 Volodymyr-Volyns'kyj
16%
Mykolaiv 33,442 Voznesens'k
16%
Donetsk 28,170 Dobropillja
15%
Kherson 18,889 Heničes'k
15%
Sumy 37,765 Romny
15%
Kiev Oblast 37,068 Vasyl'kiv
15%
Kiev Oblast 33,109 Vyšhorod
15%
Vinnytsia 15,337 Bar
14%
Zakarpattja 23,325 Berehove
14%
Kherson 11,895 Beryslav
14%
Zaporizhia 12,786 Huljajpole
14%
Donetsk 14,210 Mykolaïvka
14%
Donetsk 13,557 Nyžnja Krynka
14%
Zaporizhia 13,896 Orichiv
14%
Chernihiv 51,637 Pryluky
14%
Rivne 28,626 Sarny
14%
Donetsk 10,070 Sartana
14%
Khmelnytskyi 40,299 Šepetivka
14%
Donetsk 10,875 Sivers'k
14%
Luhansk 99,067 Sjevjerodonec'k
14%
Donetsk 45,767 Snižne
14%
Lviv 28,287 Truskavec'
14%
Lviv 23,134 Brody
12%
Donetsk 10,357 Hirnyk
12%
Kherson 13,544 Hola Prystan'
12%
Donetsk 15,395 Ilovajs'k
12%
Donetsk 34,144 Jasynuvata
12%
Čerkasy 23,172 Kaniv
12%
Dnipropetrovsk 44,980 Marhanec'
12%
Donetsk 14,037 Novohrodivka
12%
Odessa 17,736 Reni
12%
Donetsk 48,208 Šachtars'k
12%
Lviv 34,152 Sambir
12%
Luhansk 16,145 Svatove
12%
Donetsk 56,182 Charcyz'k
11%
Ternopil 28,279 Čortkiv
11%
Kharkiv 31,018 Čuhuïv
11%
Lviv 12,785 Javoriv
11%
Donetsk 76,673 Jenakijeve
11%
Donetsk 14,666 Krasnohorivka
11%
Vinnytsia 29,925 Mohyliv-Podil's'kyj
11%
Zaporizhia 18,111 Polohy
11%
Rivne 41,711 Varaš
11%
Lviv 23,912 Zoločiv
11%
Dnipropetrovsk 42,052 Žovti Vody
11%
Donetsk 17,998 Amvrosiïvka
10%
Luhansk 52,150 Antracyt
10%
Kiev Oblast 34,394 Bojarka
10%
Kiev Oblast 12,832 Borodjanka
10%
Mykolaiv 11,510 Nova Odesa
10%
Mykolaiv 13,663 Očakiv
10%
Odessa 39,220 Podil's'k
10%
Zakarpattja 15,536 Rachiv
10%
Luhansk 45,514 Roven'ky
10%
Khmelnytskyi 34,918 Slavuta
10%
Luhansk 15,947 Starobil's'k
10%
Sumy 19,544 Trostjanec'
10%
Zaporizhia 12,567 Vasylivka
10%
Kiev Oblast 42,983 Vyšneve
10%
Chernihiv 16,862 Bachmač
8%
Donetsk 71,094 Bachmut
8%
Lviv 32,473 Boryslav
8%
Donetsk 22,835 Dokučajevs'k
8%
Vinnytsia 25,698 Hajsyn
8%
Donetsk 11,422 Kal'mius'ke
8%
Ternopil 20,476 Kremenec'
8%
Luhansk 18,116 Kreminna
8%
Zhytomyr 25,172 Malyn
8%
Luhansk 19,199 Popasna
8%
Kiev Oblast 24,464 Slavutyč
8%
Mykolaiv 12,045 Snihurivka
8%
Chernivtsi 14,077 Storožynec'
8%
Kherson 10,108 Tavrijs'k
8%
Vinnytsia 33,754 Žmerynka
8%
Donetsk 14,634 Bilozers'ke
7%
Kiev Oblast 15,789 Bohuslav
7%
Vinnytsia 26,916 Chmil'nyk
7%
Kiev Oblast 18,995 Jahotyn
7%
Mykolaiv 38,560 Južnoukraïns'k
7%
Čerkasy 10,945 Kam'janka
7%
Rivne 30,838 Kostopil'
7%
Volhynia 10,295 Ljuboml'
7%
Rivne 14,894 Ostroh
7%
Kiev Oblast 26,273 Perejaslav-Chmel'nyc'kyj
7%
Luhansk 42,315 Sorokyne
7%
Kirovohrad 43,130 Svitlovods'k
7%
Dnipropetrovsk 29,651 Synel'nykove
7%
Zakarpattja 25,317 Vynohradiv
7%
Ternopil 13,346 Zbaraž
7%
Kharkiv 13,737 Zmiïv
7%
Čerkasy 27,206 Zolotonoša
7%
Lviv 13,852 Žovkva
7%
Kherson 12,619 Antonivka
5%
Odessa 14,355 Arcyz
5%
Kharkiv 26,334 Balaklija
5%
Mykolaiv 12,180 Baštanka
5%
Kharkiv 17,139 Derhači
5%
Poltava 22,851 Hadjač
5%
Khmelnytskyi 15,633 Horodok
5%
Lviv 16,085 Horodok
5%
Khmelnytskyi 15,996 Izjaslav
5%
Volhynia 12,477 Kamin'-Kašyrs'kyj
5%
Zhytomyr 24,129 Korostyšiv
5%
Kharkiv 19,674 Krasnohrad
5%
Donetsk 10,471 Mospyne
5%
Ivano-Frankivsk 22,504 Nadvirna
5%
Chernihiv 12,375 Novhorod-Sivers'kyj
5%
Mykolaiv 14,782 Novyj Buh
5%
Zhytomyr 15,250 Ovruč
5%
Zaporizhia 11,157 Prymors'k
5%
Lviv 20,373 Sokal'
5%
Khmelnytskyi 33,921 Starokostjantyniv
5%
Kiev Oblast 16,081 Ukraïnka
5%
Zaporizhia 710,052 Zaporižžja
5%
Luhansk 13,007 Zolote
5%
Dnipropetrovsk 13,069 Apostolove
4%
Zhytomyr 11,161 Baranivka
4%
Sumy 15,600 Bilopillja
4%
Kharkiv 14,624 Bohoduchiv
4%
Donetsk 13,495 Bunhe
4%
Ivano-Frankivsk 14,737 Burštyn
4%
Donetsk 27,370 Chrestivka
4%
Odessa 57,983 Čornomors'k
4%
Ivano-Frankivsk 20,417 Dolyna
4%
Luhansk 62,691 Dovžans'k
4%
Sumy 31,789 Hluchiv
4%
Odessa 32,677 Južne
4%
Dnipropetrovsk 226,845 Kam'jans'ke
4%
Odessa 18,745 Kilija
4%
Čerkasy 17,216 Korsun'-Ševčenkivs'kyj
4%
Donetsk 18,220 Kurachove
4%
Sumy 23,892 Lebedyn
4%
Khmelnytskyi 36,492 Netišyn
4%
Chernivtsi 10,463 Novodnistrovs'k
4%
Odessa 11,407 Ovidiopol'
4%
Zhytomyr 13,685 Radomyšl'
4%
Čerkasy 16,323 Špola
4%
Luhansk 12,258 Stanycja Luhans'ka
4%
Donetsk 11,127 Svitlodars'k
4%
Kiev Oblast 12,640 Tetiïv
4%
Donetsk 30,914 Torec'k
4%
Kiev Oblast 11,921 Uzyn
4%
Lviv 19,037 Vynnyky
4%
Rivne 24,501 Zdolbuniv
4%
Odessa 17,854 Balta
3%
Ternopil 17,139 Berežany
3%
Zaporizhia 17,736 Dniprorudne
3%
Kirovohrad 14,010 Hajvoron
3%
Poltava 49,854 Horišni Plavni
3%
Vinnytsia 10,679 Jampil'
3%
Kiev Oblast 13,133 Kaharlyk
3%
Volhynia 13,798 Kiverci
3%
Kiev Oblast 17,623 Kocjubyns'ke
3%
Vinnytsia 22,241 Kozjatyn
3%
Khmelnytskyi 18,356 Krasyliv
3%
Kirovohrad 219,676 Kropyvnyc'kyj
3%
Kharkiv 20,001 Ljubotyn
3%
Volhynia 10,657 Manevyči
3%
Kharkiv 21,202 Merefa
3%
Kiev Oblast 11,103 Myronivka
3%
Kirovohrad 16,080 Novoukraïnka
3%
Lviv 27,841 Novyj Rozdil
3%
Kherson 24,124 Olešky
3%
Dnipropetrovsk 27,099 Peršotravens'k
3%
Khmelnytskyi 20,172 Polonne
3%
Poltava 14,988 Pyrjatyn
3%
Rivne 10,427 Radyvyliv
3%
Kiev Oblast 10,395 Rokytne
3%
Luhansk 11,411 Ščastja
3%
Kiev Oblast 15,165 Skvyra
3%
Lviv 10,712 Sosnivka
3%
Odessa 10,836 Tatarbunary
3%
Ternopil 13,226 Terebovlja
3%
Dnipropetrovsk 11,242 Vasyl'kivka
3%
Dnipropetrovsk 15,477 Verchn'odniprovs'k
3%
Zaporizhia 14,324 Vil'njans'k
3%
Khmelnytskyi 18,295 Voločys'k
3%
Donetsk 11,867 Ždanivka
3%
Čerkasy 16,269 Zvenyhorodka
3%
Lviv 10,353 Žydačiv
3%
Kiev Oblast 16,047 Berezan'
1%
Rivne 13,126 Berezne
1%
Ivano-Frankivsk 10,259 Bolechiv
1%
Odessa 14,818 Bolhrad
1%
Ternopil 10,632 Borščiv
1%
Luhansk 44,760 Brjanka
1%
Ternopil 12,171 Bučač
1%
Poltava 12,540 Chorol
1%
Donetsk 53,462 Čystjakove
1%
Kirovohrad 18,225 Dolyns'ka
1%
Khmelnytskyi 15,707 Dunaïvci
1%
Luhansk 26,654 Holubivka
1%
Poltava 10,541 Hrebinka
1%
Lviv 10,397 Kam'janka-Buz'ka
1%
Zaporizhia 12,117 Kam'janka-Dniprovs'ka
1%
Poltava 14,045 Karlivka
1%
Kharkiv 17,960 Kivšarivka
1%
Zakarpattja 10,385 Korolevo
1%
Chernivtsi 10,444 Krasnoïl's'k
1%
Vinnytsia 22,459 Ladyžyn
1%
Khmelnytskyi 10,074 Letyčiv
1%
Luhansk 17,061 Lutuhyne
1%
Zaporizhia 11,530 Mychajlivka
1%
Vinnytsia 11,421 Nemyriv
1%
Lviv 31,366 Novojavorivs'k
1%
Kherson 10,535 Novotroïc'ke
1%
Zhytomyr 10,032 Olevs'k
1%
Donetsk 17,833 Pelahiïvka
1%
Volhynia 12,483 Rožyšče
1%
Lviv 20,200 Stebnyk
1%
Zakarpattja 17,068 Svaljava
1%
Dnipropetrovsk 12,692 Zelenodol's'k
1%
Kirovohrad 21,221 Znam'janka
1%
Donetsk 17,871 Zuhres
1%
Kiev Oblast 10,294 Baryšivka
0%
Vinnytsia 12,205 Beršad'
0%
Odessa 12,355 Biljaïvka
0%
Chernihiv 10,541 Bobrovycja
0%
Kirovohrad 10,396 Bobrynec'
0%
Luhansk 11,421 Bokovo-Chrustal'ne
0%
Luhansk 79,533 Chrustal'nyj
0%
Vinnytsia 12,191 Hnivan'
0%
Chernihiv 11,506 Horodnja
0%
Čerkasy 13,062 Horodyšče
0%
Chernihiv 10,390 Ičnja
0%
Vinnytsia 11,095 Illinci
0%
Zaporizhia 11,069 Jakymivka
0%
Vinnytsia 18,492 Kalynivka
0%
Luhansk 16,311 Katerynivka
0%
Chernihiv 12,202 Korjukivka
0%
Poltava 11,778 Kotel'va
0%
Sumy 22,111 Krolevec'
0%
Poltava 11,014 Lochvycja
0%
Chernihiv 10,935 Mena
0%
Luhansk 22,449 Molodohvardijs'k
0%
Chernihiv 12,908 Nosivka
0%
Kharkiv 10,455 Nova Vodolaha
0%
Kirovohrad 10,715 Novomyrhorod
0%
Kherson 10,026 Novooleksiïvka
0%
Ivano-Frankivsk 12,681 Perehins'ke
0%
Luhansk 24,817 Pereval's'k
0%
Kharkiv 28,510 Pervomajs'kyj
0%
Luhansk 12,642 Petrovo-Krasnosillja
0%
Dnipropetrovsk 19,138 Pidhorodne
0%
Kharkiv 23,509 Pisočyn
0%
Dnipropetrovsk 18,140 P'jatychatky
0%
Sumy 14,886 Putyvl'
0%
Odessa 17,441 Rozdil'na
0%
Kharkiv 13,675 Slobožans'ke
0%
Dnipropetrovsk 14,661 Slobožans'ke
0%
Chernihiv 10,620 Snovs'k
0%
Kharkiv 13,254 Solonycivka
0%
Luhansk 20,390 Suchodil's'k
0%
Čerkasy 12,839 Tal'ne
0%
Dnipropetrovsk 26,961 Ternivka
0%
Vinnytsia 14,446 Tul'čyn
0%
Čerkasy 15,763 Vatutine
0%
Odessa 14,012 Velykodolyns'ke
0%
Dnipropetrovsk 22,079 Vil'nohirs'k
0%
Luhansk 15,218 Voznesenivka
0%
Čerkasy 13,242 Žaškiv
0%
No matching quizzes found
Score Distribution
Percent of People with Each Score
Percentile by Number Answered
Your Score History
You have not taken this quiz